000
00225nam a2200097Ia 4500
008
120527s9999 xx 000 0 und d
100
_a
COURTENAY &Butler
245
_a
Essential Nurse prescribing
260
_b
GMM
942
_c
BK
999
_c
25772
_d
25772